| 000 | 00545nam a2200157 a 4500 | ||
|---|---|---|---|
| 001 | 000035829 | ||
| 005 | 20200930074639.0 | ||
| 008 | 111115s1964 enkab 000 0 eng d | ||
| 040 |
_aDO-SdBNP _bspa _cBNPHU |
||
| 082 |
_axxxx _bM454m |
||
| 100 | 1 |
_aMauriac, Francois _960345 |
|
| 245 | 1 | 0 |
_aLe mystere frontenac / _cFrancois Mauriac ; edited with an introduction and notes by Anthony M. C. Wilcox. |
| 260 |
_aLondon : _bGeorge G. Harrap & Co., _c1964. |
||
| 300 |
_a198 p. : _bil., map. ; _c19 cm. |
||
| 700 | 1 |
_aWilcox, Anthony M. C., _eintrod. _961798 |
|
| 999 |
_c35320 _d35320 |
||